| 000 | 00735nam a2200205Ia 4500 | ||
|---|---|---|---|
| 005 | 20260121110025.0 | ||
| 008 | 008 260114s9999 xx 000 0 hin d | ||
| 020 | _a9788132360582 | ||
| 037 | _aEBOOK | ||
| 040 |
_aCRL _bhin _cCRL |
||
| 041 |
_ahin _2hin |
||
| 084 | _qCRL | ||
| 100 |
_aकमलेश्वर पाल / Kamleshwar Pal _9941104 |
||
| 245 | 0 | _aपौधों में परागण एवं संकर नस्ल संवंर्धान / Paudhon mein Paragan aur Sankar Nasal Sanvardhan | |
| 260 |
_bभाषा प्रकाशन / Bhasha Prakashan _c2021 |
||
| 856 | _uhttps://bhashaprakashan.com/product-details/382701 | ||
| 942 | _cEBOOK | ||
| 999 |
_c1532769 _d1532769 |
||